Making Things Happen : Mastering Project Management. (Record no. 2421)

MARC details
005 - DATE AND TIME OF LATEST TRANSACTION
control field 20250516151700.0
020 ## - INTERNATIONAL STANDARD BOOK NUMBER
International Standard Book Number 978-93-5110-225-0
082 ## - DEWEY DECIMAL CLASSIFICATION NUMBER
Classification number 658.404 BER
100 ## - MAIN ENTRY--PERSONAL NAME
Author name BERKUN, S.
245 ## - TITLE STATEMENT
Title Making Things Happen : Mastering Project Management.
260 ## - PUBLICATION, DISTRIBUTION, ETC.
Place of publication, distribution, etc. New Delhi,
Name of publisher, distributor, etc. Shroff Publishers & Distributors,
Date of publication, distribution, etc. 2008.
300 ## - PHYSICAL DESCRIPTION
Extent xiii,392p.: ill.; figure, table
Other physical details Index
Dimensions 23cm.
942 ## - ADDED ENTRY ELEMENTS (KOHA)
Source of classification or shelving scheme Dewey Decimal Classification
Koha item type Books
Holdings
Date last seen Total checkouts Full call number Barcode Cost, replacement price Price effective from Koha item type Lost status Source of classification or shelving scheme Damaged status Not for loan Withdrawn status Home library Current library Shelving location Date acquired Cost, normal purchase price
05/16/2025   658.404 BER 0000009097 153750.00 05/16/2025 Books   Dewey Decimal Classification       College of Business Education Main Library College of Business Education Main Library General Collection 07/03/2017 51250.00
05/16/2025   658.404 BER 0000009098 153750.00 05/16/2025 Books   Dewey Decimal Classification       College of Business Education Main Library College of Business Education Main Library General Collection 07/03/2017 51250.00
05/16/2025   658.404 BER 0000009099 153750.00 05/16/2025 Books   Dewey Decimal Classification       College of Business Education Main Library College of Business Education Main Library General Collection 07/03/2017 51250.00
05/16/2025   658.404 BER 0000009100 153750.00 05/16/2025 Books   Dewey Decimal Classification       College of Business Education Main Library College of Business Education Main Library General Collection 07/03/2017 51250.00
06/02/2025   658.404 BER 00000010684 153750.00 06/02/2025 Books   Dewey Decimal Classification       College of Business Education Main Library College of Business Education Main Library Special Reserve Collection 07/03/2017 51250.00